Statistics for Scottish Islands (extreme)

Click here to take the quiz!

General Stats

  • This quiz has been taken 1,151 times
    (57 since last reset)
  • The average score is 42 of 233

Answer Stats

Answers % Correct
{Lewis} and {Harris}
82%
Arran
77%
Skye
73%
Bute
73%
North {Uist}
68%
{Ailsa} Craig
68%
South {Uist}
68%
Mull
68%
{Barra} Head
64%
Barra
64%
Rùm
64%
Eigg
64%
Islay
59%
{Fair} Isle
55%
{Holy} Isle
50%
Jura
50%
Iona
45%
{Mainland}, Shetland
45%
Coll
45%
{Mainland}, Orkney
45%
Eilean nan {Ròn}
45%
Tiree
45%
Benbecula
45%
Colonsay
41%
Little {Colonsay}
41%
Hoy
41%
Papa {Westray}
41%
Muck
36%
Westray
36%
Raasay
36%
Eilean {Mòr}
36%
{Ceallasaigh} Mòr
36%
Canna (Canaigh)
36%
{Sanda} Island
32%
South {Rona}
32%
South {Ronaldsay}
32%
North {Ronaldsay}
32%
Great {Cumbrae}
32%
Little {Cumbrae}
32%
North {Rona}
32%
Yell
32%
{Scalpay}, Inner Hebrides
27%
Eriska
27%
Foula
27%
Gigha
27%
{Scalpay}, Na h-Eileanan Siar
27%
Papa
27%
Fetlar
23%
Eilean {Donan}
23%
Hirta
23%
{Oronsay}, Inner Hebrides
23%
Egilsay
23%
Eriskay
23%
Isle of {May}
23%
Shapinsay
18%
{Boreray}, St Kilda
18%
{Soay}, Inner Hebrides
18%
{Soay}, St Kilda
18%
Seil
18%
East {Burra}
18%
Eday
18%
{Boreray}, Na h-Eileanan Siar
18%
Easdale
18%
Rousay
18%
Kerrera
18%
{Oronsay}, Loch Sunart
18%
{Oronsay}, Na h-Eileanan Siar
18%
Ceann {Iar}
18%
{Ceallasaigh} Beag
18%
Luing
18%
Calf of {Eday}
18%
{Soay} Mòr
18%
Cara
18%
Ulva
18%
Vatersay
18%
Unst
18%
West {Burra}
18%
Inch{colm}
14%
{Brother} Isle
14%
Papa {Stronsay}
14%
Inch{murrin}
14%
Papa {Stour}
14%
Papa {Little}
14%
Davaar
14%
Danna
14%
Isle {Martin}
14%
Isle of {Ewe}
14%
{Pabay} Mòr
14%
Ceann {Ear}
14%
Bressay
14%
West {Linga}
14%
{Linga}, Muckle Roe, Shetland
14%
{Linga}, Bluemull Sound, Shetland
14%
{Linga} Holm
14%
Little {Bernera}
14%
Whalsay
14%
{Longa} Island
14%
Longay
14%
{Lunga}, State Islands, Inner Hebrides
14%
{Lunga}, Treshnish Isles, Inner Hebrides
14%
Cava
14%
Mingulay
14%
{Pabay}
14%
{Bruray}, Shetland
14%
{Horse} Island
14%
Scarp
14%
Flotta
14%
Balta
14%
Stronsay
14%
{Shuna}, Loch Linnhe
14%
{Shuna}, Inner Hebrides
14%
Taransay
14%
Graemsay
14%
Great {Bernera}
14%
Gometra
14%
Eilean {Tigh}
14%
{Sanday}, Inner Hebrides
14%
{Sanday}, Orkney
14%
Noss
9%
Tahay
9%
Torsa
9%
Stroma
9%
{Wiay}, Inner Hebrides
9%
{Calve} Island
9%
Auskerry
9%
South {Havra}
9%
Ronay
9%
{Burray}, Orkney
9%
Samphrey
9%
{Wiay}, Na h-Eileanan Siar
9%
{Calbha} Mor
9%
South {Walls}
9%
{Tanera} Beag
9%
{Priest} Island
9%
Vaila
9%
{Tanera} Mòr
9%
Bigga
9%
{Seaforth} Island
9%
Vementry
9%
Oxna
9%
Trondra
9%
{Pabbay}, Barra Isles
9%
Vallay
9%
Texa
9%
Sandray
9%
Scarba
9%
{Pabbay}, Harris
9%
Baleshare
9%
Berneray
9%
{Inner} Holm
9%
{Garbh} Eileach, Inner Hebrides
9%
Eilean {Shona}
9%
Hascosay
9%
Gunna
9%
Eilean {Bàn}
9%
{Glims} Holm
9%
Gighay
9%
Eileach an {Naoimh}
9%
{Garbh} Eilean, Loch Maree
9%
Eilean {Righ}
9%
{Garbh} Eilean, Na h-Eileanan Siar
9%
Eilean {Sùbhainn}
9%
Eilean {Mhic} {Chrion}
9%
Eilean {Trodday}
9%
Fuday
9%
Ensay
9%
{Fraoch}-eilean
9%
Flodday
9%
{Flodaigh} Mòr
9%
Flodaigh
9%
Eorsa
9%
Faray
9%
Eynhallow
9%
Hellisay
9%
Hermetray
9%
Holm of {Grimbister}
9%
{Dunglass} Island
9%
Mousa
9%
{Moncrieffe} Island
9%
Càrna
9%
Eilean dà {Mhèinn}
9%
Lismore
9%
Eilean {Liubhaird}
9%
Copinsay
9%
Eilean {Mhealasta}
9%
Innis {Chonain}
9%
Isay
9%
Inch{tavannach}
9%
Inch{marnock}
9%
Eilean {Meadhonach}
9%
Inch{cailloch}
9%
Inch{fad}
9%
Fara
9%
Inch{lonaig}
9%
Inch {Kenneth}
9%
Eileanan {Iasgaich}
5%
Eilean {Fladday}
5%
Uyea
5%
Vacsay
5%
Wyre
5%
Eilean {Macaskin}
5%
Erraid
5%
Swona
5%
Eilean {Dubh} Mòr
5%
Muldoanich
5%
Switha
5%
Handa
5%
Eilean {Chearstaidh}
5%
{Oldany} Island
5%
{Lamb} Holm
5%
Lamba
5%
Kirkibost
5%
Killegray
5%
Isle {Ristol}
5%
Hunda
5%
Housay
5%
Hildasay
5%
{Gruinard} Island
5%
Stuley
5%
Grimsay
5%
Sgeotasaigh
5%
Shillay
5%
Muckle Roe
5%
Gairsay
5%
{Fuaigh} Mòr
5%
Fiaraidh
5%
{Stockinish} Island
5%
Stromay
5%
Eilean {Chaluim} {Chille}
5%
Eilean {Tioram}
0%
Fuiay
0%

Score Distribution

Percentile by Number Answered

Percent of People with Each Score

Your Score History

You have not taken this quiz since the last reset